00418nam a2200157Ia 4500008004100000082001900041100002100060245003300081250000600114260002400120300000800144600002100152630003300173700002100206730003300227151018s9999 xx 000 0 und d bRBASDV2139a50 aSeccomde Thomas aThe Age of Johnson 1748-1798 b6 bg.bell & sonsc1914 a366 aSeccomde Thomas aThe Age of Johnson 1748-1798 aSeccomde Thomas aThe Age of Johnson 1748-1798